000 00575nam a22002057a 4500
999 _c13945
_d13945
003 MIRAKIL
005 20200824125642.0
008 200824b tu ||||| |||| 00| 0 tur d
040 _aTR-AnCHP
_cTR-AnCHP
041 _atur
082 _a891.73
_bG66m 1981
100 _aGorki, Maksim
245 1 0 _aMujik/
_cMaksim Gorki; çeviren Mehmet Özgül.
260 _aİstanbul:
_bOda Yayınları,
_c1981.
300 _a183 s.:
_c19 sm.
490 0 _aOda yayınları;
_v73.
650 0 _95112
_aRus Edebiyatı
_xRoman
700 _96343
_aÖzgül, Mehmet
_eçev.
942 _2ddc
_cBKS